[Event "DEN-chT 1516 54th"]
[Site "Denmark"]
[Date "2015.11.01"]
[Round "2"]
[White "Hove, Esben Kjems"]
[Black "Kramer, Svend Erik"]
[Result "1-0"]
[WhiteElo "2218"]
[BlackElo "2048"]
[PlyCount "69"]
[EventDate "2015.10.31"]
[EventType "team-tourn"]
[EventRounds "9"]
[EventCountry "DEN"]
[SourceTitle "CBM 169 Extra"]
[Source "ChessBase"]
[SourceDate "2015.12.18"]
[SourceVersion "1"]
[SourceVersionDate "2015.12.18"]
[SourceQuality "1"]
[WhiteTeam "Nordkalotten"]
[BlackTeam "Bov"]
[WhiteTeamCountry "DEN"]
[BlackTeamCountry "DEN"]

1. d4 e6 2. Nf3 f5 3. g3 Nf6 4. Bg2 Be7 5. 0-0 0-0 6. c4 d6 7. Nc3 Ne4 8. Nxe4 fxe4 9. Nd2 d5 10. f3 e3 11. Nb1 dxc4 12. Bxe3 Nc6 13. Bf2 Bf6 14. e3 Na5 15. e4 e5 16. dxe5 Bxe5 17. Nc3 b6 18. f4 Bxc3 19. bxc3 Bb7 20. Qg4 Qe7 21. Rad1 Rad8 22. e5 Bxg2 23. Kxg2 c5 24. Qf3 Qb7 25. Qxb7 Nxb7 26. Kf3 Rd3+ 27. Rxd3 cxd3 28. Ke4 Rd8 29. f5 Na5 30. Rd1 c4 31. g4 Nb7 32. e6 Nd6+ 33. Ke5 Nb5 34. Be1 Kf8 35. a4 1-0

[Event "GER-chT8 LH-23 Br3 email"]
[Site "GER email"]
[Date "2009.10.09"]
[Round "?"]
[White "Kramer, Svend Erik"]
[Black "Burmester, Gunnar"]
[Result "0-1"]
[WhiteElo "2155"]
[BlackElo "2179"]
[PlyCount "70"]
[EventDate "2009.10.15"]
[EventType "tourn (corr)"]
[EventRounds "8"]
[EventCountry "GER"]
[SourceTitle "Corr 2020"]
[Source "ChessBase"]
[SourceDate "2019.09.30"]
[SourceVersion "1"]
[SourceVersionDate "2019.09.30"]
[SourceQuality "1"]

1. d4 Nf6 2. c4 e6 3. Nc3 Bb4 4. e3 0-0 5. Nf3 d5 6. Bd3 c5 7. 0-0 Nc6 8. a3 Bxc3 9. bxc3 dxc4 10. Bxc4 Qc7 11. Ba2 e5 12. d5 e4 13. dxc6 exf3 14. Qxf3 Bg4 15. Qg3 Qxc6 16. f3 Be6 17. c4 Rfd8 18. e4 Rd3 19. Bb1 Rd7 20. Ba2 Ne8 21. e5 Bf5 22. h4 Nc7 23. h5 Ne6 24. h6 g6 25. Re1 Qa4 26. Qf2 Rad8 27. Qb2 Rd1 28. Be3 Rxa1 29. Rxa1 Rd3 30. Bf2 b6 31. g4 Bxg4 32. fxg4 Qc6 33. Be3 Rxe3 34. Rf1 Rg3+ 35. Kh2 Rxg4 0-1

[Event "GER-chT LG-22 email"]
[Site "GER email"]
[Date "2007.10.25"]
[Round "?"]
[White "Alf, Henning"]
[Black "Kramer, Svend Erik"]
[Result "0-1"]
[WhiteElo "2383"]
[BlackElo "2233"]
[PlyCount "76"]
[EventDate "2007.??.??"]
[EventType "tourn (corr)"]
[EventRounds "8"]
[EventCountry "GER"]
[SourceTitle "Corr 2011"]
[Source "ChessBase"]
[SourceDate "2010.08.31"]
[SourceVersion "1"]
[SourceVersionDate "2010.08.31"]
[SourceQuality "1"]

1. d4 f5 2. g3 Nf6 3. Bg2 e6 4. c4 Be7 5. Nc3 0-0 6. Qb3 Nc6 7. d5 Ne5 8. f4 Nf7 9. e4 fxe4 10. Nxe4 exd5 11. cxd5 Re8 12. Ne2 a5 13. N2c3 Bc5 14. Kd1 a4 15. Qc4 b6 16. Nxc5 Nd6 17. Qd4 bxc5 18. Qxc5 Ba6 19. Kc2 Nfe4 20. Nxe4 Nxe4 21. Qd4 Nf2 22. Bd2 Nxh1 23. Rxh1 Qf6 24. Qxf6 gxf6 25. Bh3 Bb7 26. Bxd7 Re7 27. Bg4 Bxd5 28. Ra1 Kg7 29. Bc3 Be4+ 30. Kc1 Kg6 31. Bb4 c5 32. Bc3 h5 33. Be2 Bf5 34. Bb5 a3 35. Bc4 Rae8 36. bxa3 Re3 37. Bd2 Rf3 38. Bb5 Rb8 0-1

[Event "GER KF-32 Class1 B1 email"]
[Site "GER email"]
[Date "2007.??.??"]
[Round "?"]
[White "Kramer, Svend Erik"]
[Black "Berger, Alfred"]
[Result "1/2-1/2"]
[WhiteElo "2040"]
[BlackElo "2115"]
[PlyCount "137"]
[EventDate "2007.??.??"]
[EventType "tourn (corr)"]
[EventRounds "6"]
[EventCountry "GER"]
[SourceTitle "Corr 2008"]
[Source "ChessBase"]
[SourceDate "2008.06.24"]
[SourceVersion "1"]
[SourceVersionDate "2008.06.24"]
[SourceQuality "1"]

1. e4 e6 2. d4 d5 3. Nd2 Be7 4. Bd3 c5 5. dxc5 Nf6 6. Qe2 0-0 7. Ngf3 a5 8. c3 Nfd7 9. Bc2 Nc6 10. exd5 exd5 11. Qd3 Nf6 12. 0-0 a4 13. b4 axb3 14. Nxb3 Re8 15. Nfd4 Ne5 16. Qg3 Ng6 17. Bxg6 hxg6 18. Bg5 Ne4 19. Bxe7 Rxe7 20. Qf3 Qc7 21. Nb5 Qc6 22. Qe2 Be6 23. N5d4 Qc7 24. Qe3 Bg4 25. a4 Rae8 26. Nb5 Qc6 27. h3 Nf6 28. Qf4 Be2 29. N5d4 Qc8 30. Rfe1 Bc4 31. Rxe7 Rxe7 32. f3 Bxb3 33. Nxb3 Re2 34. Kh1 Nh5 35. Qg5 Qc7 36. Nd4 Rb2 37. a5 Kh7 38. c6 bxc6 39. a6 Rb8 40. Qh4 Ra8 41. Ne2 Qe5 42. Ra2 c5 43. a7 Kg8 44. c4 d4 45. Qe4 Qxe4 46. fxe4 Nf6 47. e5 Nd7 48. e6 fxe6 49. Nf4 Kf7 50. Ra6 Ne5 51. Kg1 d3 52. Kf2 d2 53. Ke2 Rd8 54. Ra1 Ra8 55. h4 Nxc4 56. Nd3 e5 57. Nxc5 Nd6 58. Ra6 Nb5 59. Nd7 Rxa7 60. Nxe5+ Ke8 61. Rxa7 Nxa7 62. Nxg6 Kf7 63. Nf4 Nb5 64. Kxd2 Nd4 65. h5 Kf6 66. Ke3 Kf5 67. Nh3 Nc6 68. Kf3 Ne5+ 69. Ke3 1/2-1/2

[Event "DEN-ch corr"]
[Site "Denmark"]
[Date "2002.??.??"]
[Round "?"]
[White "Johnsen, Klaus Hoeck"]
[Black "Kramer, Svend Erik"]
[Result "1/2-1/2"]
[WhiteElo "2390"]
[BlackElo "2490"]
[PlyCount "117"]
[EventDate "2002.09.23"]
[EventType "tourn (corr)"]
[EventRounds "11"]
[EventCountry "DEN"]
[SourceTitle "Corr 2006"]
[Source "ChessBase"]
[SourceDate "2006.04.01"]
[SourceVersion "3"]
[SourceVersionDate "2006.04.01"]
[SourceQuality "1"]

1. d4 Nf6 2. c4 g6 3. Nc3 Bg7 4. e4 d6 5. f3 0-0 6. Be3 Nc6 7. Nge2 a6 8. h4 h5 9. Nc1 Nd7 10. Nb3 a5 11. a4 Nb4 12. g4 Nf6 13. gxh5 Nxh5 14. Rg1 e5 15. Bg5 f6 16. Be3 f5 17. Bg5 Qe8 18. d5 Qf7 19. Kd2 Kh7 20. Qe1 fxe4 21. fxe4 Bh6 22. Bxh6 Kxh6 23. Qe3+ Qf4 24. Rc1 b6 25. Be2 Bh3 26. Nb5 Rf7 27. Rg5 Raf8 28. Rcg1 Qxe3+ 29. Kxe3 Nf4 30. Nc1 Bd7 31. R1g3 c6 32. Nc3 Nc2+ 33. Kd2 Nd4 34. Bd1 Rf6 35. dxc6 Bxc6 36. Nd3 Be8 37. Nd5 Nxd3 38. Nxf6 Nc5 39. Nxe8 Nxe4+ 40. Ke3 Nxg3 41. Nxd6 Ngf5+ 42. Nxf5+ gxf5 43. Rg2 Kh7 44. h5 Rg8 45. Rxg8 Kxg8 46. Kd3 Ne6 47. Kc3 e4 48. b4 Kg7 49. bxa5 bxa5 50. Kd2 f4 51. Kc3 f3 52. Kd2 Kh6 53. Ke3 Nc5 54. Bc2 Kxh5 55. Bxe4 Nxe4 56. Kxf3 Nc5 57. Ke3 Nxa4 58. Kd4 Kg5 59. c5 1/2-1/2

[Event "DEN-ch corr"]
[Site "Denmark"]
[Date "2002.??.??"]
[Round "?"]
[White "Kramer, Svend Erik"]
[Black "Kristensen, Finn Eigil"]
[Result "1/2-1/2"]
[WhiteElo "2490"]
[BlackElo "2342"]
[PlyCount "63"]
[EventDate "2002.09.23"]
[EventType "tourn (corr)"]
[EventRounds "11"]
[EventCountry "DEN"]
[SourceTitle "Corr 2006"]
[Source "ChessBase"]
[SourceDate "2006.04.01"]
[SourceVersion "3"]
[SourceVersionDate "2006.04.01"]
[SourceQuality "1"]

1. d4 c6 2. c4 d5 3. Nf3 e6 4. Nc3 dxc4 5. a4 Bb4 6. e3 b5 7. Bd2 a5 8. axb5 Bxc3 9. Bxc3 cxb5 10. b3 Bb7 11. bxc4 b4 12. Bb2 Nf6 13. Bd3 0-0 14. 0-0 Nbd7 15. Re1 Re8 16. c5 Bc6 17. Bc2 Ne4 18. Qb1 Nef6 19. Ba4 Qc7 20. Nd2 e5 21. Qf5 exd4 22. Bxd4 Ne4 23. Nxe4 Rxe4 24. Qg5 f6 25. Qh5 Re7 26. Rec1 Nf8 27. Qf5 Ng6 28. f3 Ne5 29. Bc2 Ng6 30. Ba4 Ree8 31. Qc2 Red8 32. Bb3+ 1/2-1/2

[Event "DEN-ch corr"]
[Site "Denmark"]
[Date "2002.??.??"]
[Round "?"]
[White "Laursen, Bjorn"]
[Black "Kramer, Svend Erik"]
[Result "1/2-1/2"]
[WhiteElo "2293"]
[BlackElo "2490"]
[PlyCount "51"]
[EventDate "2002.09.23"]
[EventType "tourn (corr)"]
[EventRounds "11"]
[EventCountry "DEN"]
[SourceTitle "Corr 2006"]
[Source "ChessBase"]
[SourceDate "2006.04.01"]
[SourceVersion "3"]
[SourceVersionDate "2006.04.01"]
[SourceQuality "1"]

1. d4 Nf6 2. Nc3 d5 3. Bg5 Nbd7 4. Nf3 g6 5. e3 Bg7 6. Bd3 0-0 7. 0-0 c5 8. Re1 h6 9. Bh4 e6 10. Bg3 cxd4 11. exd4 Qb6 12. Qd2 Nh5 13. Be5 f6 14. Bg3 Nxg3 15. hxg3 Kh7 16. a4 Nb8 17. a5 Qd6 18. Nb5 Qd8 19. c4 a6 20. Nc3 Nc6 21. cxd5 exd5 22. Ne2 f5 23. Nf4 g5 24. Nh5 Bh8 25. g4 Kg8 26. Bxf5 1/2-1/2

[Event "DEN-ch corr"]
[Site "Denmark"]
[Date "2002.??.??"]
[Round "?"]
[White "Madsen, Flemming Lind"]
[Black "Kramer, Svend Erik"]
[Result "0-1"]
[WhiteElo "2190"]
[BlackElo "2490"]
[PlyCount "84"]
[EventDate "2002.09.23"]
[EventType "tourn (corr)"]
[EventRounds "11"]
[EventCountry "DEN"]
[SourceTitle "Corr 2006"]
[Source "ChessBase"]
[SourceDate "2006.04.01"]
[SourceVersion "3"]
[SourceVersionDate "2006.04.01"]
[SourceQuality "1"]

1. e4 e5 2. Nf3 Nc6 3. Bb5 a6 4. Ba4 Nf6 5. 0-0 Be7 6. Re1 b5 7. Bb3 d6 8. c3 0-0 9. h3 Bb7 10. d4 Re8 11. Nbd2 Bf8 12. a4 h6 13. Bc2 exd4 14. cxd4 Nb4 15. Bb1 c5 16. d5 Nd7 17. Ra3 f5 18. exf5 Bxd5 19. Ne4 bxa4 20. Rxa4 Bf7 21. Bd2 Nb6 22. Ra1 d5 23. Ng3 Rxe1+ 24. Bxe1 Nc6 25. Bc3 d4 26. Bd2 a5 27. Be4 Bd5 28. Ne1 Nc4 29. Nd3 Nxd2 30. Qxd2 c4 31. Bxd5+ Qxd5 32. Nf4 Qb5 33. Qe2 Ne5 34. b3 Rc8 35. Ng6 Bd6 36. f6 d3 37. Qh5 Qe8 38. Nf5 Qxg6 39. Qxg6 Nxg6 40. bxc4 Be5 41. Rd1 Rxc4 42. fxg7 d2 0-1

[Event "DEN-ch corr"]
[Site "Denmark"]
[Date "2001.??.??"]
[Round "?"]
[White "Johnsen, Klaus Hoeck"]
[Black "Kramer, Svend Erik"]
[Result "1-0"]
[WhiteElo "2240"]
[BlackElo "2441"]
[PlyCount "81"]
[EventDate "2001.??.??"]
[EventType "tourn (corr)"]
[EventRounds "13"]
[EventCountry "DEN"]
[SourceTitle "Corr 2006"]
[Source "ChessBase"]
[SourceDate "2006.04.01"]
[SourceVersion "3"]
[SourceVersionDate "2006.04.01"]
[SourceQuality "1"]

1. d4 Nf6 2. c4 e6 3. g3 d5 4. Bg2 Be7 5. Nf3 0-0 6. 0-0 dxc4 7. Ne5 c5 8. dxc5 Qc7 9. Nxc4 Qxc5 10. b3 Rd8 11. Nbd2 Nc6 12. Ba3 Nb4 13. Bb2 Qc7 14. Rc1 Nc6 15. a3 Bd7 16. b4 a6 17. e4 b5 18. Bxf6 gxf6 19. Na5 Qb6 20. e5 Rac8 21. Qg4+ Kf8 22. Qh4 Nxe5 23. Qxh7 Ng6 24. h4 Rxc1 25. Rxc1 Ke8 26. h5 Nf8 27. Qg7 Qd4 28. Ne4 Rc8 29. Rf1 Qd3 30. Nxf6+ Bxf6 31. Qxf6 Qxa3 32. Rd1 Qc3 33. Rd4 Nh7 34. Qg7 Rc7 35. Nb7 Qe1+ 36. Kh2 Rxb7 37. Qxh7 Rc7 38. Rf4 f5 39. Qh8+ Kf7 40. h6 e5 41. Qg7+ 1-0

[Event "DEN-ch corr"]
[Site "Denmark"]
[Date "2001.??.??"]
[Round "?"]
[White "Laursen, Bjorn"]
[Black "Kramer, Svend Erik"]
[Result "0-1"]
[WhiteElo "2213"]
[BlackElo "2441"]
[PlyCount "110"]
[EventDate "2001.??.??"]
[EventType "tourn (corr)"]
[EventRounds "13"]
[EventCountry "DEN"]
[SourceTitle "Corr 2006"]
[Source "ChessBase"]
[SourceDate "2006.04.01"]
[SourceVersion "3"]
[SourceVersionDate "2006.04.01"]
[SourceQuality "1"]

1. d4 f5 2. g3 Nf6 3. Bg2 g6 4. Nf3 Bg7 5. 0-0 0-0 6. b3 d6 7. Bb2 h6 8. c4 Qe8 9. Nbd2 g5 10. e3 c6 11. Qc2 Na6 12. Bc3 Qh5 13. Rae1 Nc7 14. h3 Bd7 15. Nh2 Qg6 16. e4 fxe4 17. Nxe4 Bf5 18. g4 Bxe4 19. Bxe4 Nxe4 20. Qxe4 Qxe4 21. Rxe4 Rf7 22. Re3 Raf8 23. Kg2 d5 24. Nf3 dxc4 25. bxc4 b5 26. Ne5 Bxe5 27. dxe5 Rf4 28. cxb5 cxb5 29. Rd3 Ra4 30. Ra1 Ne6 31. Bd2 Rc8 32. Be3 Kf7 33. Rd2 a6 34. Kf3 Rc3 35. Kg2 Re4 36. Rb1 Rxe5 37. Rb3 Rc6 38. h4 Rc4 39. f3 h5 40. Bxg5 hxg4 41. Ra3 gxf3+ 42. Rxf3+ Kg6 43. Bxe7 Nf4+ 44. Rxf4 Rxf4 45. Bd6 Rg4+ 46. Kh3 Ree4 47. Bg3 Ra4 48. Rd6+ Kh7 49. Rd2 Rg7 50. Kh2 Rag4 51. Be1 b4 52. Re2 a5 53. Kh3 a4 54. Bd2 Rg3+ 55. Kh2 b3 0-1